000 00613nam a2200229Ia 4500
003 OSt
005 20221006164424.0
006 a|||||r|||| 00| 0
007 ta
008 221006b |||||||| |||| 00| 0 eng d
024 _a6,914
037 _cTextual
040 _aFML
_cFML
_beng
041 _2eng
_aeng
082 _aP15,Cx,1,1,6, C1
100 _aBallantyne J. R. Au.
_9677442
245 0 _aLaghukannudi Of Varadaraja
260 _aDelhi
_bM.L.B.D. India
_c1891
300 _a424
_ccm.
942 _hP15,Cx,1,1,6, C1
_cTEXL
_2CC
999 _c1117218
_d1117218